Roztoči čeledi Phytoseiidae na listnatých dřevinách v městském lese

Bibliographic Details
Main Authors: Kabíček, Jan (Author), Povondrová, Kateřina (Author)
Format: Article
Language:Czech

MARC

LEADER 00000naa a2200000uu 4500
001 vtls011085507
003 SK-MaSNL
005 20260302105213.0
008 220810|2003 xo |||||||||||||||||cze|
015 |a SNBRA 
035 |a (urnnbn)urn:nbn:sk:snk:ar-a0cm2d 
035 |a (uuid)df96f42a-9c44-42bb-ad13-d3919a54759e 
035 |a urn:nbn:sk:snk-aavry4 
040 |a SNKBUCL  |b slo  |c SNKBUCL  |e AACR2 
041 0 |a cze 
044 |a xo  |c SK 
100 1 |a Kabíček, Jan  |4 aut  |9 548021 
245 1 0 |a Roztoči čeledi Phytoseiidae na listnatých dřevinách v městském lese  |c Jan KABÍČEK, Kateřina POVONDROVÁ 
246 3 |a Phytoseiid mites on deciduous trees in urban forest 
700 1 |a Povondrová, Kateřina  |4 aut  |9 783532 
773 0 |t XVI. slovenská a česká konferencia o ochrane rastlín  |d V Nitre : Slovenská poľnohospodárska univerzita, 2003  |g S. 186-187  |z 8080692351 
954 |a odborná, vedecká literatúra cudzojazyčná (svetová)  |2 lita 
958 |a OND 
958 |a article12 
958 |a chapter 
999 |c 1237758  |d 1239688